| 000 | 00762nam a22002177a 4500 | ||
|---|---|---|---|
| 999 |
_c1023 _d1023 |
||
| 003 | AR-CdUCM | ||
| 008 | 190226b ||||| |||| 00| 0 spa d | ||
| 040 |
_aMUNICIPALIDAD PROVINCIAL DEL CUSCO _cBIBLIOTECA MUNICIPAL DEL CUSCO |
||
| 082 |
_a320.985 / _bF83 |
||
| 100 |
_aFrías, Ismael _93984 |
||
| 245 | _aLa revolución peruana y la vía socialista / | ||
| 260 |
_aPerú : _bEdit. Horizonte, _c1970. |
||
| 300 |
_a277 paginas ; _c21 cm. |
||
| 505 | _aCarácter de la revolución peruana --Programa socialista para el Perú --Contexto internacional --Autogestion ... | ||
| 650 |
_aPolitica _9291 |
||
| 650 |
_aGobierno _92618 |
||
| 650 |
_aSocialismo peruano _93985 |
||
| 650 |
_aComunismo peruano _93986 |
||
| 942 |
_2ddc _cLIBROS |
||
| 945 |
_arjall _d2019-02-26 |
||